000 00442nam a2200205Ia 4500
001 11617
003 GE_BSU
008 181216s||||||||xx |||||||||||||| ||und||
020 _a9781409135487
040 _cGE_BSU
080 _a821.111-31
100 _aLawrenson,Deborah.
245 4 _aThe lantern.
260 _aLondon
260 _bOrion books LTD.
260 _c2011.
300 _a445p;20cm.
653 _aThe lantern.
942 _cBK
999 _c44812
_d44812